Consoles by US Launch Titles Quiz Stats

 Plays Quiz Updated May 5, 2017

Also try: '80s Video Games
Challenge
Share
Tweet
Embed
Score 0/25 Timer 05:00
1 Play Today
Games Console % Correct
Super Mario Bros, Excitebike, Duck HuntNintendo Entertainment System
96.9%
Halo: Combat Evolved, Dead or Alive 3, Fuzion FrenzyMicrosoft Xbox
77.9%
Super Mario 64, Pilotwings 64Nintendo 64
71.1%
Super Mario World, F-Zero, PilotwingsSuper Nintendo
68.5%
Call of Duty 3, Resistance: Fall of Man, Genji: Days of the BladePlaystation 3
68%
Tetris, Baseball, Super Mario LandGame Boy
63.9%
Luigi's Mansion, Wave Race: Blue Storm, Crazy TaxiNintendo Gamecube
63.1%
Red Steel, Trauma Center: Second Opinion, The Legend of Zelda: Twilight PrincessNintendo Wii
55.9%
Rayman, Ridge Racer, NBA JAM Tournament EditionSony Playstation
51.4%
SSX, TimeSplitters, Armored Core 2Playstation 2
46.6%
Soul Calibur, NFL 2K, Sonic AdventureSega Dreamcast
46.2%
Altered Beast, Alex Kidd in the Enchanted Castle, Ghouls n' Ghosts Sega Mega Drive/Sega Genesis
41.9%
Lumines, Wipeout Pure, Metal Gear AcidPlaystation Portable
37.4%
Games Console % Correct
Perfect Dark Zero, Kameo: Element of Power, GUN Xbox 360
36.4%
Virtua Fighter, Panzer Dragoon, Daytona USASega Saturn
35.3%
Combat, Street Racer, Star ShipAtari 2600
28.5%
Castlevania: Circle of the Moon, F-Zero: Maximum Velocity, ChuChu Rocket!Game Boy Advance
27%
Tetris DX, Centipede, Game & Watch Gallery 2Game Boy Color
25.4%
Tom Clancy’s Ghost Recon: Shadow Wars, Lego Star Wars III: The Clone Wars, Pilotwings ResortNintendo 3DS
23.5%
Mario's Tennis, Teleroboxer, Red AlarmVirtual Boy
23.1%
Castle of Illusion Starring Mickey Mouse, Columns, Super Monaco GPSega Game Gear
10.3%
Hang-On, Safari HuntSega Master System
9.4%
Doom, Star Wars Arcade, Virtua Racing DeluxeSega 32x
8.8%
SonicN, Puyo Pop, Tomb Raider: ScionN-Gage
8.6%
Zaxxon, Turbo, Donkey KongColecoVision
7.8%

You're not logged in!

Compare scores with friends on all Sporcle quizzes.
Join for Free
OR
Log In

You Might Also Like...

Show Comments

Extras

Top Quizzes Today


Score Distribution

Your Account Isn't Verified!

In order to create a playlist on Sporcle, you need to verify the email address you used during registration. Go to your Sporcle Settings to finish the process.

Report this User

Report this user for behavior that violates our Community Guidelines.

Details: